000 01016pam a2200313 a 4500
008
020 _a0881678961 (hbk.)
049 _aMAIN
090 _aRJ399.N8
_bTEX
245 0 0 _aTextbook of pediatric nutrition /
_cedited by Robert M. Suskind and Leslie Lewinter-Suskind.
250 _a2nd ed.
260 _aNew York :
_bRaven Press,
_c1993.
300 _axix, 571 p. :
_bill. ;
_c28 cm.
500 _aIncludes index.
504 _aIncludes bibliographical references.
650 0 _aNutrition disorders in children.
650 0 _aChildren
_xDiseases
_xNutritional aspects.
650 0 _aInfants
_xNutrition.
650 2 _aChild Nutrition Disorders.
650 2 _aDiet Therapy
_xin infancy & childhood.
650 2 _aInfant Nutrition Disorders.
700 1 _aSuskind, Robert M.
700 _aLewinter-Suskind, Leslie.
907 _a.b10186451
_b29-01-14
_c18-01-06
003
005 20230120203908.0
040 _cNUST
942 _cBOOKS
_kRJ399.N8
_mTEX
999 _c113419
_d113419